00462nam a2200169Ia 4500003000900000008004100009040001600050080001500066100001700081245006200098260004700160300001500207490002900222650001400251650001700265650001000282IN-BaIIA211028s9999 xx 000 0 eng d cIIA Library a524.3bBOK aBok, Bart J. 4aThe distribution of the stars in spacecBart J Bok  aChicagobUniversity of Chicago Pressc1937 axvi, 124p. aAstrophysical monographs aAstronomy aAstrophysics aStars